000 01205nam a22002297a 4500
999 _c59542
_d59542
003 Ge_BSU
005 20230313105217.0
008 230313s1998 ge ||||| |||| 00| 0 geo d
020 _a999285801X
041 _ageo
080 _a343.131.7 კ-36
100 _aკახნიაშვილი, ავთანდილ
_916965
245 _aუდანაშაულობის პრეზუმფცია და მისი განხორციელების გარანტიები სასამართლომდელ სტადიებზე /
_cავთანდილ კახნიაშვილი ; [რედ.: აპოლონ ფალიაშვილი].
264 _aთბილისი :
_bნეკერი,
_c1998.
300 _a130 გვ. ;
_b21 სმ.
504 _aბიბლიოგრ. ტექსტის შენიშვნ.
520 _aრეზ. რუს. ენ.
653 _aუდანაშაულობის პრეზუმფცია.
653 _aსამართალი
700 _aფალიაშვილი, აპოლონ
_eრედაქტორი
_917178
942 _2udc
_cBK